| 000 | 00532nam a2200181 4500 | ||
|---|---|---|---|
| 001 | 145462 | ||
| 003 | ES-MaACL | ||
| 005 | 20230906201234.0 | ||
| 007 | t| | ||
| 008 | 070214s1956 sp r ||||1| spa d | ||
| 100 | 1 |
_aSperling, Robert H. _9107704 |
|
| 245 | 1 | 0 |
_aFu, la pirata _b: novela / _cRobert H. Sperling ; traducción de Juan G. de Luaces. |
| 250 | _a1ª. ed. | ||
| 260 |
_aBarcelona : _bJuventud, _c1956. |
||
| 300 |
_a224 p. ; _c20 cm. |
||
| 700 | 1 |
_aLuaces, Juan G. de. _974483 |
|
| 852 |
_aES-MaACL _jC-11401 _bR.39554 |
||
| 999 |
_c145462 _d145462 |
||